| 000 | 01297nam a2200325 a 4500 | ||
|---|---|---|---|
| 001 | 000038264 | ||
| 005 | 20240530073936.0 | ||
| 008 | 130405s2009 dr r 001 i spa d | ||
| 020 | _a9789945020632 (v.1) | ||
| 020 | _a9789945020649 (v.2) | ||
| 040 |
_aDO-SdBNP _bspa _cBNPHU |
||
| 082 |
_aRD868.2 _bC422e |
||
| 100 | 1 |
_aCestero Aybar, Mariano Antonio, _d1837-1909 _964635 |
|
| 245 | 1 | 0 |
_aEscritos / _cMariano A. Cestero ; editor Andrés Blanco Diaz. |
| 260 |
_aSanto Domingo : _bArchivo General de la Nación, _c2009. |
||
| 300 |
_a2 v. ; _c24 cm. |
||
| 490 | 1 |
_aArchivo General de la Nación _v75-76 |
|
| 500 | _aIncluye índice onomástico. | ||
| 500 | _aIncluye datos biográficos del autor en la solapa de la cubierta. | ||
| 500 | _aIncluye cronología de Mariano A. Cestero: p.21-32. | ||
| 504 | _aIncluye bibliografía y notas al pie de páginas. | ||
| 505 | 0 |
_gv. 1-. Cartas insurgentes y otras misivas -- _gv. 2-. Artículos y ensayos. |
|
| 590 | _aInventariado, 2019/BT | ||
| 650 | 4 |
_aCartas dominicanas _914827 |
|
| 650 | 0 |
_aEnsayos dominicanos _965 |
|
| 650 | 0 |
_aLiteratura dominicana. _967 |
|
| 651 | 4 |
_aRepública Dominicana _xHistoria _xCorrespondencia, Memorias, Etc. _917708 |
|
| 700 | 1 |
_aBlanco Díaz, Andrés _eed. _9172 |
|
| 910 | _aValidado. Control de calidad EMS | ||
| 999 |
_c37754 _d37754 |
||